Novelas de Maigret (Registro nro. 23064)

Detalles MARC
000 -CABECERA
Longitud fija campo de control 00923nam a2200265 a 4500
001 - NÚMERO DE CONTROL
Número de control ES-MaREB00084745-8
003 - IDENTIFICADOR DELl NÚMERO DE CONTROL
Identificador del número de control OSt
005 - FECHA Y HORA DE LA ÚLTIMA TRANSACCIÓN
Fecha y hora de la última transacción 20151020112618.0
008 - CÓDIGOS DE INFORMACIÓN DE LONGITUD FIJA
Códigos de información de longitud fija 020226s1979 esp 0011 spa d
020 ## - NÚMERO INTERNACIONAL NORMALIZADO PARA LIBROS
Número Internacional Normalizado para Libros (ISBN) 84-03-68126-7
040 ## - FUENTE DE LA CATALOGACIÓN
Centro transcriptor BMC
082 ## - NÚMERO DE LA CLASIFICACIÓN DECIMAL DEWEY
Númeroo de clasificación 840.3
100 1# - PUNTO DE ACCESO PRINCIPAL-NOMBRE DE PERSONA
Nombre de persona Simenon, Georges
9 (RLIN) 36568
Fechas asociadas al nombre 1903-1989
245 10 - MENCIÓN DE TÍTULO
Título Novelas de Maigret
Número de parte o sección de la obra Tomo XI
Mención de responsabilidad, etc. Georges Simenon; traducción, Inés Navarro Clerigues, Carmen Caamaño, Luis Hernandez Alfonso
260 ## - PUBLICACIÓN, DISTRIBUCIÓN, ETC. (PIE DE IMPRENTA)
Lugar de publicación, distribución, etc. Madrid
Nombre del editor, distribuidor, etc. Aguilar
Fecha de publicación, distribución, etc. 1979
300 ## - DESCRIPCIÓN FÍSICA
Extensión 499 p.
Dimensiones 17 cm
490 0# - MENCIÓN DE SERIE
Mención de serie El lince astuto
500 ## - NOTA GENERAL
Nota general Indice
505 1# - NOTA DE CONTENIDO CON FORMATO
Nota de contenido con formato Contiene : La loca de Maigret ; Maigret y el fantasma ; Maigret y el traficante de vino
650 24 - PUNTO DE ACCESO ADICIONAL DE MATERIA - TÉRMINO DE MATERIA
9 (RLIN) 36675
Término de materia o nombre geográfico como elemento inicial Novela belga
700 1# - PUNTO DE ACCESO ADICIONAL - NOMBRE DE PERSONA
Nombre de persona Navarro, Inés‏
9 (RLIN) 36889
Forma desarrollada del nombre (Navarro Clerigues)‏
700 1# - PUNTO DE ACCESO ADICIONAL - NOMBRE DE PERSONA
Nombre de persona Caamaño Morúa, Carmen‏
9 (RLIN) 36890
700 1# - PUNTO DE ACCESO ADICIONAL - NOMBRE DE PERSONA
Nombre de persona Hernández Alfonso, Luis‏
9 (RLIN) 36891
942 ## - ENTRADA DE ELEMENTOS AGREGADOS (KOHA)
Fuente de clasificaión o esquema Dewey Decimal Classification
Koha [por defecto] tipo de item 1- Monografias
Parte de clasificación prozim
Existencias
Suprimido Perdido Fuente de clasificación o esquema Estropeado Restricciones de uso No para préstamo Código de colección Localización permanente Localización actual Localización en estanter&íacute;as Fecha adquisición Fuente de adquisición Número de inventario Préstamos totales Signatura completa Código de barras Fecha última consulta Coste, precio reemplazado Fecha del precio de reemplazo Tipo de item de Koha
NULL NULL Dewey Decimal Classification NULL Prestable NULL NULL Biblioteca Miguel de Cervantes - UNICAES Biblioteca Miguel de Cervantes - UNICAES Sala Principal 21/10/2015 Donación - ADESH 030674   N SIM nov 1034639 21/10/2015 8.00 21/10/2015 1- Monografias